[Event "Moscow op-E"]
[Site "Moscow"]
[Date "2011.02.04"]
[Round "7.161"]
[White "Sobiev, Dmitry M"]
[Black "Bogumil, Tatiana"]
[Result "1/2-1/2"]
[WhiteElo "1884"]
[BlackElo "2101"]
[PlyCount "103"]
[EventDate "2011.01.29"]
[EventType "swiss"]
[EventRounds "9"]
[EventCountry "RUS"]
[SourceTitle "EXT 2022"]
[Source "ChessBase"]
[SourceDate "2021.10.06"]
[SourceVersion "1"]
[SourceVersionDate "2021.10.06"]
[SourceQuality "1"]

1. e4 g6 2. d4 Bg7 3. Nf3 d6 4. c3 Nf6 5. Bd3 0-0 6. 0-0 c6 7. Nbd2 a5 8. Re1 a4 9. e5 dxe5 10. Nxe5 Nbd7 11. Ndf3 Nb6 12. Be3 Nbd5 13. Qd2 Nxe3 14. fxe3 Ng4 15. Nxg4 Bxg4 16. Qf2 e5 17. h3 Bxf3 18. Qxf3 Qe7 19. Rad1 Kh8 20. Bc2 f5 21. dxe5 Bxe5 22. e4 f4 23. Rd3 a3 24. b4 Rad8 25. Red1 Rxd3 26. Rxd3 Rd8 27. Qd1 Rxd3 28. Qxd3 Kg7 29. Bb3 Kh6 30. Kf1 Bf6 31. Ke2 Qe5 32. Kd2 Bh4 33. Qf3 Be7 34. Qd3 Qg5 35. Qf3 Kg7 36. Bc4 h5 37. Kc2 b5 38. Be2 Qe5 39. Qd3 Kh6 40. Kb3 Bf6 41. Bf3 c5 42. Kxa3 cxb4+ 43. Kxb4 Be7+ 44. Kb3 Qc5 45. Qd5 Qa3+ 46. Kc2 b4 47. Qe5 Qxa2+ 48. Kd3 Qa6+ 49. Kc2 Qa2+ 50. Kd3 Qa6+ 51. Kc2 Qa2+ 52. Kd3 1/2-1/2

[Event "Moscow op-E"]
[Site "Moscow"]
[Date "2011.01.29"]
[Round "1.152"]
[White "Dzhangobegov, Vladimir"]
[Black "Sobiev, Dmitry M"]
[Result "1-0"]
[WhiteElo "2259"]
[BlackElo "1884"]
[PlyCount "47"]
[EventDate "2011.01.29"]
[EventType "swiss"]
[EventRounds "9"]
[EventCountry "RUS"]
[SourceTitle "EXT 2022"]
[Source "ChessBase"]
[SourceDate "2021.10.06"]
[SourceVersion "1"]
[SourceVersionDate "2021.10.06"]
[SourceQuality "1"]

1. e4 e6 2. d4 d5 3. Nc3 Bb4 4. exd5 exd5 5. Bd3 Nf6 6. Bg5 h6 7. Bh4 0-0 8. Nge2 c5 9. dxc5 g5 10. Bg3 d4 11. a3 Bxc5 12. Na4 Qa5+ 13. c3 Bd7 14. Nxc5 Qxc5 15. cxd4 Qb6 16. Qd2 Nc6 17. h4 Qa5 18. Qxa5 Nxa5 19. hxg5 Ng4 20. f3 Ne3 21. Kf2 Nf5 22. Be5 Nc6 23. Bf6 Nce7 24. gxh6 1-0

[Event "Nizhnij Novgorod Dubinin Memorial 18th"]
[Site "Nizhnij Novgorod"]
[Date "2011.01.03"]
[Round "?"]
[White "Sobiev, Dmitry M"]
[Black "Mylnikova, Olga"]
[Result "1-0"]
[WhiteElo "1884"]
[BlackElo "1718"]
[PlyCount "31"]
[EventDate "2011.01.03"]
[EventType "swiss"]
[EventRounds "9"]
[EventCountry "RUS"]
[SourceTitle "EXT 2012"]
[Source "ChessBase"]
[SourceDate "2011.11.24"]
[SourceVersion "1"]
[SourceVersionDate "2011.11.24"]
[SourceQuality "1"]

1. e4 d6 2. b3 Nf6 3. Nc3 g6 4. Bb2 Bg7 5. Nd5 0-0 6. Nxf6+ exf6 7. Be2 Qe7 8. d3 Nc6 9. Nf3 Ne5 10. 0-0 f5 11. Nxe5 dxe5 12. Bf3 fxe4 13. dxe4 c6 14. Qe2 Be6 15. Rad1 Qc7 16. c4 1-0

[Event "Nizhnij Novgorod Dubinin Memorial 18th"]
[Site "Nizhnij Novgorod"]
[Date "2011.01.03"]
[Round "?"]
[White "Vidyaev, Evgeny"]
[Black "Sobiev, Dmitry M"]
[Result "1-0"]
[WhiteElo "2048"]
[BlackElo "1884"]
[PlyCount "31"]
[EventDate "2011.01.03"]
[EventType "swiss"]
[EventRounds "9"]
[EventCountry "RUS"]
[SourceTitle "EXT 2012"]
[Source "ChessBase"]
[SourceDate "2011.11.24"]
[SourceVersion "1"]
[SourceVersionDate "2011.11.24"]
[SourceQuality "1"]

1. d4 d5 2. Nf3 Nf6 3. g3 e6 4. Bg2 c5 5. c4 cxd4 6. 0-0 Nc6 7. cxd5 Nxd5 8. Nxd4 Be7 9. Nxc6 bxc6 10. Qa4 Bd7 11. Nd2 0-0 12. Nc4 Nb6 13. Qc2 Bf6 14. Nd6 Qc7 15. Ne4 Be7 16. Nc5 1-0

[Event "Kostroma Volga Cup op"]
[Site "Kostroma"]
[Date "2010.07.??"]
[Round "2"]
[White "Makarov, Viatcheslav"]
[Black "Sobiev, Dmitry M"]
[Result "1-0"]
[WhiteElo "2082"]
[BlackElo "1817"]
[PlyCount "69"]
[EventDate "2010.07.??"]
[EventType "swiss"]
[EventRounds "9"]
[EventCountry "RUS"]
[SourceTitle "EXT 2011"]
[Source "ChessBase"]
[SourceDate "2010.11.26"]
[SourceVersion "1"]
[SourceVersionDate "2010.11.26"]
[SourceQuality "1"]

1. d4 d5 2. c4 c6 3. Nc3 Nf6 4. Nf3 dxc4 5. a4 Nd5 6. e4 Nxc3 7. bxc3 b5 8. Ba3 g6 9. h4 Bg4 10. Be2 Bg7 11. Qc1 Nd7 12. Qf4 Bxf3 13. Qxf3 c5 14. dxc5 Ne5 15. Qe3 Nd3+ 16. Kf1 Bxc3 17. Rd1 Bd4 18. Qg3 Nxf2 19. Qxf2 Bxf2 20. Rxd8+ Kxd8 21. Kxf2 a6 22. Bb4 Kc7 23. Bf3 e5 24. Rd1 a5 25. Bc3 f6 26. axb5 a4 27. Rd6 Rhf8 28. Bg4 f5 29. exf5 gxf5 30. Be2 Rfe8 31. Bxc4 a3 32. b6+ Kc8 33. c6 a2 34. Be6+ Kb8 35. Bxe5 1-0

[Event "Kostroma Volga Cup op"]
[Site "Kostroma"]
[Date "2010.07.??"]
[Round "1"]
[White "Sobiev, Dmitry M"]
[Black "Bikuzhin, Maksim"]
[Result "0-1"]
[WhiteElo "1817"]
[BlackElo "2164"]
[PlyCount "84"]
[EventDate "2010.07.??"]
[EventType "swiss"]
[EventRounds "9"]
[EventCountry "RUS"]
[SourceTitle "EXT 2011"]
[Source "ChessBase"]
[SourceDate "2010.11.26"]
[SourceVersion "1"]
[SourceVersionDate "2010.11.26"]
[SourceQuality "1"]

1. e4 c5 2. b3 Nf6 3. e5 Nd5 4. Bb2 Nc6 5. Nf3 d6 6. Bc4 Nc7 7. exd6 exd6 8. 0-0 d5 9. Qe2+ Be6 10. Bb5 Nxb5 11. Qxb5 Qd7 12. d4 Be7 13. dxc5 0-0 14. Nbd2 a6 15. Qe2 Bxc5 16. Ne5 Nxe5 17. Qxe5 f6 18. Qc3 Rac8 19. Qa5 Qd6 20. Bc3 d4 21. Bb2 Bd5 22. Nc4 Qc6 23. Rfd1 b6 24. Qd2 Rcd8 25. Qf4 Rfe8 26. Ba3 Bxa3 27. Nxa3 Bxg2 28. Rd3 Be4 29. Rg3 Bg6 30. Qd2 b5 31. Rd1 Qc5 32. b4 Qe7 33. Nb1 Qe2 34. Rc1 Qxd2 35. Nxd2 Re2 36. Kf1 d3 37. Nb3 Rxc2 38. Rxc2 dxc2 39. Rc3 Kf7 40. Ke2 Rd1 41. h3 Ke7 42. Rc5 Bd3+ 0-1

[Event "Kostroma Volga Cup op"]
[Site "Kostroma"]
[Date "2010.07.??"]
[Round "7"]
[White "Sobiev, Dmitry M"]
[Black "Tsygankov, Alexandr"]
[Result "0-1"]
[WhiteElo "1817"]
[BlackElo "2032"]
[PlyCount "72"]
[EventDate "2010.07.??"]
[EventType "swiss"]
[EventRounds "9"]
[EventCountry "RUS"]
[SourceTitle "EXT 2011"]
[Source "ChessBase"]
[SourceDate "2010.11.26"]
[SourceVersion "1"]
[SourceVersionDate "2010.11.26"]
[SourceQuality "1"]

1. e4 e6 2. d4 d5 3. exd5 exd5 4. Bd3 Bd6 5. Nf3 Nf6 6. 0-0 0-0 7. Bg5 Bg4 8. Nbd2 Nbd7 9. c3 c6 10. Qc2 Qc7 11. Bh4 Rfe8 12. Rfe1 Bh5 13. Bg3 Bg6 14. Bxd6 Qxd6 15. Bxg6 hxg6 16. Rad1 Qf4 17. g3 Qf5 18. Qxf5 gxf5 19. Ne5 Nxe5 20. dxe5 Ne4 21. Nxe4 fxe4 22. f4 exf3 23. Rd3 Re6 24. Rde3 Rae8 25. Kf2 Rh6 26. h4 g5 27. Rh1 g4 28. Rd1 Rhe6 29. c4 Rxe5 30. Rxe5 Rxe5 31. cxd5 Rxd5 32. Re1 Rd2+ 33. Kf1 Rg2 34. Re7 Rxg3 35. Rxb7 Rh3 36. Rb3 Rxh4 0-1

[Event "Nizhnij Novgorod Voroniatov Memorial 7t"]
[Site "Nizhnij Novgorod"]
[Date "2010.05.08"]
[Round "7"]
[White "Gavrilov, Nikolay S"]
[Black "Sobiev, Dmitry M"]
[Result "1-0"]
[WhiteElo "2074"]
[BlackElo "1758"]
[PlyCount "43"]
[EventDate "2010.05.02"]
[EventType "swiss"]
[EventRounds "8"]
[EventCountry "RUS"]
[SourceTitle "CBM 136 Extra"]
[Source "ChessBase"]
[SourceDate "2010.07.02"]
[SourceVersion "2"]
[SourceVersionDate "2010.07.15"]
[SourceQuality "1"]

1. c4 c6 2. d4 d5 3. Nf3 Nf6 4. e3 e6 5. Nc3 Nbd7 6. Bd3 Be7 7. 0-0 0-0 8. Qe2 dxc4 9. Bxc4 b6 10. Rd1 Qc7 11. e4 Bb7 12. Bg5 Rfe8 13. e5 Nd5 14. Bxe7 Nxe7 15. Rac1 Rad8 16. Ng5 Nf8 17. Qg4 h6 18. Nge4 Neg6 19. h4 c5 20. Nb5 Qc6 21. Nbd6 Rxd6 22. Nxd6 1-0

[Event "Nizhnij Novgorod Voroniatov Memorial 7t"]
[Site "Nizhnij Novgorod"]
[Date "2010.05.07"]
[Round "6"]
[White "Sobiev, Dmitry M"]
[Black "Stepanushkin, Alexander"]
[Result "1-0"]
[WhiteElo "1758"]
[BlackElo "2029"]
[PlyCount "61"]
[EventDate "2010.05.02"]
[EventType "swiss"]
[EventRounds "8"]
[EventCountry "RUS"]
[SourceTitle "CBM 136 Extra"]
[Source "ChessBase"]
[SourceDate "2010.07.02"]
[SourceVersion "2"]
[SourceVersionDate "2010.07.15"]
[SourceQuality "1"]

1. e4 c5 2. b3 Nc6 3. Bb2 e5 4. f4 d6 5. Nf3 Bg4 6. fxe5 dxe5 7. Bb5 f6 8. h3 Bh5 9. Nc3 Bd6 10. Bxc6+ bxc6 11. Qe2 Ne7 12. g4 Bf7 13. 0-0-0 c4 14. g5 Bh5 15. gxf6 gxf6 16. Rdf1 cxb3 17. axb3 Ng6 18. Qc4 Qd7 19. Rhg1 0-0-0 20. Ne1 Nf4 21. Nd3 Be2 22. Re1 Bxd3 23. cxd3 Bc5 24. Nd5 Nxd5 25. Qxc5 Nf4 26. Re3 Nxd3+ 27. Rxd3 Qxd3 28. Qxc6+ Kb8 29. Rg7 Qxd2+ 30. Kb1 Qe1+ 31. Bc1 1-0

[Event "Nizhnij Novgorod Voroniatov Memorial 7t"]
[Site "Nizhnij Novgorod"]
[Date "2010.05.06"]
[Round "5"]
[White "Agishev, Ruslan"]
[Black "Sobiev, Dmitry M"]
[Result "1/2-1/2"]
[WhiteElo "1913"]
[BlackElo "1758"]
[PlyCount "34"]
[EventDate "2010.05.02"]
[EventType "swiss"]
[EventRounds "8"]
[EventCountry "RUS"]
[SourceTitle "CBM 136 Extra"]
[Source "ChessBase"]
[SourceDate "2010.07.02"]
[SourceVersion "2"]
[SourceVersionDate "2010.07.15"]
[SourceQuality "1"]

1. e4 e6 2. d4 d5 3. e5 c5 4. dxc5 Bxc5 5. Qg4 Ne7 6. b4 h5 7. Qf4 Ng6 8. Qd2 Be7 9. f4 h4 10. Nf3 h3 11. g3 a5 12. b5 Qc7 13. Bb2 Nd7 14. Bd3 Nc5 15. 0-0 Bd7 16. a4 Nxd3 17. cxd3 Bb4 1/2-1/2

[Event "Nizhnij Novgorod Voroniatov Memorial 7t"]
[Site "Nizhnij Novgorod"]
[Date "2010.05.05"]
[Round "4"]
[White "Agishev, Kirill T"]
[Black "Sobiev, Dmitry M"]
[Result "1/2-1/2"]
[WhiteElo "1901"]
[BlackElo "1758"]
[PlyCount "32"]
[EventDate "2010.05.02"]
[EventType "swiss"]
[EventRounds "8"]
[EventCountry "RUS"]
[SourceTitle "CBM 136 Extra"]
[Source "ChessBase"]
[SourceDate "2010.07.02"]
[SourceVersion "2"]
[SourceVersionDate "2010.07.15"]
[SourceQuality "1"]

1. e4 e6 2. d4 d5 3. exd5 exd5 4. Nf3 Nf6 5. Be2 Bd6 6. 0-0 0-0 7. Bg5 Be7 8. Nc3 Nc6 9. Ne5 Nxe5 10. dxe5 Ne4 11. Bxe7 Nxc3 12. Bxd8 Nxd1 13. Bxc7 Nxb2 14. Bd6 Re8 15. Rab1 Nc4 16. Bxc4 dxc4 1/2-1/2

[Event "Nizhnij Novgorod op"]
[Site "Nizhnij Novgorod"]
[Date "2010.??.??"]
[Round "?"]
[White "Sobiev, Dmitry M"]
[Black "Kulagina, Ekaterina"]
[Result "1-0"]
[WhiteElo "1758"]
[BlackElo "1736"]
[PlyCount "83"]
[EventDate "2010.10.02"]
[EventType "swiss"]
[EventRounds "9"]
[EventCountry "RUS"]
[SourceTitle "EXT 2011"]
[Source "ChessBase"]
[SourceDate "2010.11.26"]
[SourceVersion "1"]
[SourceVersionDate "2010.11.26"]
[SourceQuality "1"]

1. b3 e5 2. Bb2 d5 3. Bxe5 Nc6 4. Bb2 Nf6 5. e3 Bd6 6. Nf3 0-0 7. Be2 Bf5 8. 0-0 Re8 9. d4 Ne7 10. c4 dxc4 11. bxc4 c6 12. Nbd2 Ng6 13. Qb3 Rb8 14. Ba3 Bc7 15. Bd3 Bxd3 16. Qxd3 b6 17. Qc2 b5 18. Bc5 a6 19. Rab1 Bd6 20. Bxd6 Qxd6 21. e4 Qf4 22. e5 Nd7 23. Rfe1 Rbc8 24. Ne4 Red8 25. Nd6 Rb8 26. Re4 Qh6 27. cxb5 cxb5 28. Nxf7 Kxf7 29. e6+ Kg8 30. exd7 Rxd7 31. Qc6 Rf7 32. Rbe1 Rbf8 33. Re8 Qf4 34. Rxf8+ Rxf8 35. Re8 Qf5 36. Qe6+ Qxe6 37. Rxe6 Rf6 38. Re8+ Kf7 39. Ra8 h6 40. Ra7+ Ne7 41. Ne5+ Ke8 42. Ra8+ 1-0

[Event "Nizhnij Novgorod Dubinin Memorial 17th"]
[Site "Nizhnij Novgorod"]
[Date "2010.??.??"]
[Round "?"]
[White "Sobiev, Dmitry M"]
[Black "Sukhinin, Anatoly"]
[Result "0-1"]
[WhiteElo "1758"]
[BlackElo "1937"]
[PlyCount "96"]
[EventDate "2010.01.03"]
[EventType "swiss"]
[EventRounds "9"]
[EventCountry "RUS"]
[SourceTitle "CBM 134 Extra"]
[Source "ChessBase"]
[SourceDate "2010.03.03"]
[SourceVersion "1"]
[SourceVersionDate "2010.03.03"]
[SourceQuality "1"]

1. e4 d5 2. exd5 Nf6 3. d4 Nxd5 4. c4 Nb6 5. Nc3 e5 6. dxe5 Qxd1+ 7. Kxd1 Be6 8. b3 Nc6 9. Nf3 0-0-0+ 10. Kc2 Bc5 11. Bg5 Rd7 12. Bh4 Ba3 13. Nb5 Bf5+ 14. Kc3 Bc5 15. Kb2 h6 16. Bg3 Rhd8 17. Rc1 Rd2+ 18. Ka1 Nb4 19. Nc3 Nc2+ 20. Kb1 Nd4+ 21. Ka1 Nxf3 22. gxf3 Ba3 23. Rb1 Bxb1 24. Kxb1 Rb2+ 25. Ka1 Rdd2 26. Bh3+ Kb8 27. Bf4 Rxf2 28. Bg3 Rfc2 29. e6 fxe6 30. Be5 Nd7 31. Bxg7 Rxh2 32. Rxh2 Rxh2 33. Bxe6 Rh1+ 34. Nb1 Bf8 35. Bd4 Rd1 36. Bc3 Be7 37. Kb2 Bf6 38. Kc2 Rd6 39. Bf5 Bxc3 40. Nxc3 Ne5 41. Be4 c6 42. f4 Ng4 43. b4 Ne3+ 44. Kb3 Rf6 45. Ne2 h5 46. b5 cxb5 47. cxb5 h4 48. Kc3 h3 0-1

[Event "Nizhnij Novgorod op"]
[Site "Nizhnij Novgorod"]
[Date "2010.??.??"]
[Round "?"]
[White "Volkov, Ilya"]
[Black "Sobiev, Dmitry M"]
[Result "0-1"]
[WhiteElo "2140"]
[BlackElo "1758"]
[PlyCount "64"]
[EventDate "2010.10.02"]
[EventType "swiss"]
[EventRounds "9"]
[EventCountry "RUS"]
[SourceTitle "EXT 2011"]
[Source "ChessBase"]
[SourceDate "2010.11.26"]
[SourceVersion "1"]
[SourceVersionDate "2010.11.26"]
[SourceQuality "1"]

1. d4 d5 2. c4 c6 3. Nc3 Nf6 4. e3 g6 5. Nf3 Bg7 6. Bd3 0-0 7. 0-0 Bf5 8. Bxf5 gxf5 9. cxd5 cxd5 10. Qb3 b6 11. Ne5 e6 12. f3 Nfd7 13. Nd3 Nc6 14. Qd1 Rc8 15. Bd2 Qe7 16. Rc1 Na5 17. b3 Kh8 18. Ne2 Nb7 19. Bb4 Nd6 20. Ba3 b5 21. Qd2 b4 22. Bb2 Nb5 23. Rxc8 Rxc8 24. Rc1 Qd8 25. Rc2 Rxc2 26. Qxc2 Qc7 27. Qxc7 Nxc7 28. a4 f6 29. Kf2 Kg8 30. h3 Kf7 31. g4 fxg4 32. hxg4 e5 0-1

[Event "RUS-chB U14"]
[Site "Dagomys"]
[Date "2009.04.21"]
[Round "7"]
[White "Sobiev, Dmitry M"]
[Black "Piskovets, Nikita"]
[Result "0-1"]
[WhiteElo "1735"]
[BlackElo "2031"]
[PlyCount "50"]
[EventDate "2009.04.15"]
[EventType "swiss"]
[EventRounds "9"]
[EventCountry "RUS"]
[SourceTitle "EXT 2012"]
[Source "ChessBase"]
[SourceDate "2011.11.24"]
[SourceVersion "1"]
[SourceVersionDate "2011.11.24"]
[SourceQuality "1"]

1. e4 c5 2. Nc3 d6 3. g3 Nc6 4. Bg2 g6 5. d3 Bg7 6. Be3 Nf6 7. h3 0-0 8. Qd2 Rb8 9. f4 Nd7 10. Nf3 b5 11. 0-0 b4 12. Nd1 Ba6 13. f5 c4 14. fxg6 hxg6 15. Bh6 Qb6+ 16. Kh1 Nde5 17. Bxg7 Kxg7 18. Nxe5 Nxe5 19. Nf2 cxd3 20. cxd3 Qd4 21. Rad1 Rfc8 22. Qf4 f6 23. g4 g5 24. Qf5 Rc2 25. h4 Bc8 0-1

[Event "Nizhnij Novgorod-ch 61st"]
[Site "Nizhnij Novgorod"]
[Date "2009.03.??"]
[Round "?"]
[White "Sobiev, Dmitry M"]
[Black "Kozyrev, Daniil"]
[Result "0-1"]
[WhiteElo "1727"]
[BlackElo "2198"]
[PlyCount "96"]
[EventDate "2009.03.06"]
[EventType "swiss"]
[EventRounds "9"]
[EventCountry "RUS"]
[SourceTitle "EXT 2010"]
[Source "ChessBase"]
[SourceDate "2010.11.25"]
[SourceVersion "1"]
[SourceVersionDate "2010.11.25"]
[SourceQuality "1"]

1. e4 c5 2. b3 Nf6 3. e5 Nd5 4. Bb2 d6 5. Bb5+ Bd7 6. Bxd7+ Qxd7 7. Nf3 Nc6 8. exd6 Qxd6 9. 0-0 0-0-0 10. Re1 f6 11. Na3 e5 12. Nc4 Qc7 13. a4 g5 14. d3 h5 15. Nfd2 g4 16. Nf1 Bh6 17. Ng3 Rdg8 18. Nf5 h4 19. Ncd6+ Kb8 20. Nxh6 Rxh6 21. Nf5 Rh5 22. Ne3 Nf4 23. Nf1 Qh7 24. Bc1 g3 25. Bxf4 gxf2+ 26. Kxf2 exf4 27. Qf3 h3 28. g4 Ne5 29. Rxe5 Rxe5 30. Qxf4 Qc7 31. Ng3 a6 32. Rg1 Rgg5 33. Kf3 Ka7 34. Ne4 Qc6 35. Kg3 Rg7 36. Kxh3 Re6 37. Qf5 b6 38. Kg3 Qc7+ 39. Kf3 Qxh2 40. Qxe6 Qxg1 41. Nxf6 Qd1+ 42. Qe2 Qh1+ 43. Qg2 Qh4 44. Ne4 Rf7+ 45. Ke2 Rh7 46. g5 Qf4 47. Qf1 Rh2+ 48. Ke1 Qc1# 0-1

[Event "Nizhnij Novgorod Region-ch op"]
[Site "Nizhnij Novgorod"]
[Date "2008.10.??"]
[Round "2"]
[White "Sobiev, Dmitry M"]
[Black "Kalugin, Alexander"]
[Result "0-1"]
[WhiteElo "1712"]
[BlackElo "1978"]
[PlyCount "76"]
[EventDate "2008.10.04"]
[EventType "swiss"]
[EventRounds "9"]
[EventCountry "RUS"]
[SourceTitle "EXT 2022"]
[Source "ChessBase"]
[SourceDate "2021.10.06"]
[SourceVersion "1"]
[SourceVersionDate "2021.10.06"]
[SourceQuality "1"]

1. e4 c5 2. Nf3 Nc6 3. d4 cxd4 4. Nxd4 Nf6 5. Nc3 e5 6. Nf3 Bb4 7. Bd3 Bxc3+ 8. bxc3 h6 9. 0-0 0-0 10. Ba3 d6 11. h3 Qc7 12. Re1 Rd8 13. Bf1 Be6 14. Bb5 Na5 15. Bb4 a6 16. Ba4 Nc4 17. Bb3 a5 18. Bxc4 Qxc4 19. Nd2 Qc6 20. Ba3 Qxc3 21. Re3 Qc6 22. Kh1 b5 23. Bb2 Rac8 24. Rc3 Qb6 25. Qf3 Rxc3 26. Bxc3 b4 27. Bb2 Qc7 28. c3 d5 29. cxb4 Qc2 30. Qc3 Qxc3 31. Bxc3 d4 32. Bb2 axb4 33. f3 Rc8 34. Nb3 Rc2 35. Rb1 Nh5 36. Bc1 Ng3+ 37. Kh2 Ne2 38. f4 Bxb3 0-1